000 02037cam a22001934a 4500
005 20250605164341.0
008 250528s ||||||||||||||||||||||||d
035 _a23603
040 _aGR-AtMCL
_bgre
_dGR-AtMCL
_eAACR2
245 1 _aΔιαχείρηση Κινδύνου και Πειρατεία στη Ναυτιλία.
260 _c2017
300 _a109
520 _aΕισαγωγή, Βιβλιογραφική Ανασκόπηση, Περί Κινδύνου, Πιθανότητες, Ταξινόμηση Κινδύνων, μεθοδολογία Διαχείρισης Κινδύνου, οι Κίνδυνοι στη Ναυτιλία, ο Κίνδυνος της Πειρατείας, High Risk Areas, Cybersecurity και Πειρατεία, οι Οργανισμοί, I.M.O - I.S.P.S, Λοιποί Οργανισμοί, Ship Pretection Measures (SPM), P.M.S.C (Private Maritime Security Companies), Διαχείρηση Κινδύνου Πειρατείας στην Πλοιοκτήτρια Εταιρία, Κώδικας ISPS και Διαχείριση Κινδύνου, Αποτίμηση Κινδύνου (Risk Assesment), Ανάλυση Συνεπειών και Τελική Εκτίμηση Ρίσκου, Επιλογή Μέτρων Περιορισμού Κινδύνων (Risk Control Options), Εκτίμηση Κόστους Ωφέλειας (Cost Benefit Assessment), Προτάσεις για Λήψη Αποφάσεων, Διαχείρηση Κινδύνου Πειρατείας στο Πλοίο, Κώδικας ISPS και SMS, Μεθοδολογία και Σχεδιασμός Έρευνας, Ανάλυση Αποτελεσμάτων, Προσωπικός Αναστοχασμός και Σχέδιο Προσωπικής Ανάπτυξης, Συμπεράσματα, Προτάσεις, Βιβλιογραφία, Παράρτημα.
700 1 _aΛιανός Πάρης
_99190
700 1 _aΟρφανουδάκης Δημήτριος
_99193
942 _cDS
999 _c8603
_d8603